000 00477nam a2200181Ia 4500
008 131103s9999 xx 000 0 und d
040 _aLoreto College
041 _aEnglish
082 _a822/SHA
_bLCBkB/E227
100 _aShaw, Bernard
245 _aSaint Joan
_cBernard Shaw; edited by A.C.Ward
260 _aBombay
_bOrient Longman
_c1974
300 _a225p.
_c 20cm.
504 _aIncludes notes
700 _aWard,A.C., ed.
850 _aLCBkB/822/SHA
942 _cBK
999 _c35585
_d86064